Urdu Thesaurus (Record no. 9514)

000 -LEADER
fixed length control field 00334 a2200133 4500
020 ## - INTERNATIONAL STANDARD BOOK NUMBER
International Standard Book Number 969474129
082 ## - DEWEY DECIMAL CLASSIFICATION NUMBER
Classification number 491.43903
090 ## - LOCALLY ASSIGNED LC-TYPE CALL NUMBER (OCLC); LOCAL CALL NUMBER (RLIN)
-- 5668
-- 5668
245 ## - TITLE STATEMENT
Title Urdu Thesaurus
Statement of responsibility, etc. Rafiq Khawar
260 ## - PUBLICATION, DISTRIBUTION, ETC.
Place of publication, distribution, etc. Islamabad:
Name of publisher, distributor, etc. Muqtadara Qomi Zuban,
Date of publication, distribution, etc. 1996.
300 ## - PHYSICAL DESCRIPTION
Extent 795 p. ;
Dimensions 25 cm.
650 ## - SUBJECT ADDED ENTRY--TOPICAL TERM
Topical term or geographic name entry element Urdu Thesaurus.
942 ## - ADDED ENTRY ELEMENTS (KOHA)
Koha item type Book
Call number prefix 491.43903 RAF
Holdings
Withdrawn status Lost status Damaged status Not for loan Collection code Permanent Location Current Location Shelving location Date acquired Source of acquisition Cost, normal purchase price Full call number Barcode Date last seen Price effective from Koha item type
          Central Library (CL) Central Library (CL) General Stacks 08/23/2002 National Language Authority 235.00 491.43903 RAF SEECS002323 11/14/2012 01/05/2017 Reference
© 2023 Central Library, National University of Sciences and Technology. All Rights Reserved.